Catálogo público

Fruit flies of economic significanec : (Record no. 200249)

MARC details
000 -CABECERA
campo de control de longitud fija 00824nam a2200289Ia 4500
001 - NÚMERO DE CONTROL
campo de control Para_1515
003 - IDENTIFICADOR DEL NÚMERO DE CONTROL
campo de control CHAP
008 - DATOS DE LONGITUD FIJA--INFORMACIÓN GENERAL
campo de control de longitud fija 220125s1992 xx 000 0 und d
010 ## - NÚMERO DE CONTROL DE LA BIBLIOTECA DEL CONGRESO
Número de control de LC 200249
040 ## - FUENTE DE LA CATALOGACIÓN
Centro/agencia transcriptor CHAP
082 ## - NÚMERO DE LA CLASIFICACIÓN DECIMAL DEWEY
Número de clasificación PA 595.774 W4
100 ## - ENTRADA PRINCIPAL--NOMBRE DE PERSONA
Nombre de persona White, Ian M.
9 (RLIN) 121692
245 ## - MENCIÓN DE TÍTULO
Título Fruit flies of economic significanec :
Resto del título their identification and bionomics /
Mención de responsabilidad, etc. by Ian M. White and Marlene M. Elson Harris
260 ## - PUBLICACIÓN, DISTRIBUCIÓN, ETC.
Lugar de publicación, distribución, etc. 0xon :
Nombre del editor, distribuidor, etc. CAB
300 ## - DESCRIPCIÓN FÍSICA
Extensión 601 p.
650 ## - PUNTO DE ACCESO ADICIONAL DE MATERIA--TÉRMINO DE MATERIA
Término de materia o nombre geográfico como elemento de entrada Anastrepha
9 (RLIN) 5486
650 ## - PUNTO DE ACCESO ADICIONAL DE MATERIA--TÉRMINO DE MATERIA
Término de materia o nombre geográfico como elemento de entrada Fruta
Subdivisión general Plagas
9 (RLIN) 43646
650 ## - PUNTO DE ACCESO ADICIONAL DE MATERIA--TÉRMINO DE MATERIA
Término de materia o nombre geográfico como elemento de entrada Mosca de la fruta
9 (RLIN) 78989
700 ## - PUNTO DE ACCESO ADICIONAL--NOMBRE DE PERSONA
Nombre de persona Elson Harris, Marlene M.
9 (RLIN) 36447
901 ## - ELEMENTOS DE DATOS A LOCAL LDA (RLIN)
a PA 595.774 W4
902 ## - ELEMENTOS DE DATOS B LOCAL, LDB (RLIN)
a A
905 ## - ELEMENTOS DE DATOS E LOCAL, LDE (RLIN)
a 0000001992 a 0000000000 00
910 ## - DATOS DE OPCIÓN DEL USUARIO (OCLC)
Datos de opción del usuario 1992
942 ## - ELEMENTOS DE PUNTO DE ACCESO ADICIONAL (KOHA)
Tipo de ítem Koha Parasitologia_
942 ## - ELEMENTOS DE PUNTO DE ACCESO ADICIONAL (KOHA)
Tipo de ítem Koha Parasitologia_
-- 1
Holdings
Estado de retiro Estado de pérdida Fuente del sistema de clasificación o colocación Estado dañado Restricciones de uso No para préstamo Código de colección Localización permanente Ubicación/localización actual Fecha de adquisición Número de inventario Total de préstamos Signatura topográfica completa Código de barras Fecha visto por última vez Fecha del último préstamo Número de copia Precio válido a partir de Tipo de ítem Koha Nota pública
    Dewey Decimal Classification   Préstamo 3 días   General Parasitologia Agricola Parasitologia Agricola 27/10/2005 (PA_7900) (No. UACh 164070) 2 PA 595.774 W4 4102001226 03/11/2025 31/10/2025 Ej.2 25/01/2022 Libro 3
    Dewey Decimal Classification   Préstamo interno   General Parasitologia Agricola Parasitologia Agricola 27/10/2005 (PA_7225) (No. UACh 166213)   PA 595.774 W4 4102001225 25/01/2022   Ej.1 25/01/2022 Libro 3